000
00203nam a2200085Ia 4500
008
120527s9999 xx 000 0 und d
100
_a
Kattsoff, et al
245
_a
A Philosophy of mathematics
942
_c
BK
999
_c
27840
_d
27840